Harvard Business Review on human relations : Classic Advice on Leadership (Record no. 7447)

000 -LEADER
fixed length control field 00424nam a2200157Ia 4500
003 - CONTROL NUMBER IDENTIFIER
control field OSt
005 - DATE AND TIME OF LATEST TRANSACTION
control field 20250401153240.0
008 - FIXED-LENGTH DATA ELEMENTS--GENERAL INFORMATION
fixed length control field 201217s9999 xx 000 0 und d
040 ## - CATALOGING SOURCE
Transcribing agency .
100 ## - MAIN ENTRY--PERSONAL NAME
Personal name Harvard Business Review
245 #0 - TITLE STATEMENT
Title Harvard Business Review on human relations : Classic Advice on Leadership
260 ## - PUBLICATION, DISTRIBUTION, ETC.
Place of publication, distribution, etc. New York
Name of publisher, distributor, etc. Harvard Business School Press
300 ## - PHYSICAL DESCRIPTION
Extent 0
490 ## - SERIES STATEMENT
Volume/sequential designation Vol. 4
942 ## - ADDED ENTRY ELEMENTS (KOHA)
Koha item type Books
Source of classification or shelving scheme
Holdings
Withdrawn status Lost status Damaged status Not for loan Permanent Location Date acquired Full call number Barcode Date last seen Price effective from Koha item type
        IMU Kolkata 2020-12-17 658.4 H3391 PM02602 2020-12-17 2020-12-17 Books
Designed and Maintained by IMU-KC Library, Kolkata Campus © Copyright All Rights Reserved

webs counters

Powered by Koha